000
00206 a2200097 4500
001
47812
100
_a
Boyd R
245
_a
The upper atmosphere
260
_a
London
_b
Hutchinson
_c
090
_c
30814
_d
30814
942
_a
NUST-CAE
_c
M
_c
23130
999
_c
282885
_d
282885